[Event "Union de Reyes Cup"]
[Site "Cuba"]
[Date "2000.??.??"]
[Round "?"]
[White "Fernandez, Lisandro"]
[Black "Otero, Diasmany"]
[Result "0-1"]
[WhiteElo "2380"]
[BlackElo "2388"]
[PlyCount "80"]
[EventDate "2000.??.??"]
[Source "www.chesslib.no"]
[SourceDate "2004.05.04"]

1. e4 e5 2. Nf3 Nc6 3. Bb5 a6 4. Ba4 Bc5 5. O-O Nge7 6. Nxe5 Nxe5 7. d4 b5 8. Bb3 Bxd4 9. Qxd4 d6 10. f4 c5 11. Qc3 N5g6 12. Bd5 Nxd5 13. exd5 f6 14. a4 Bf5 15. Re1+ Kf7 16. Be3 Qd7 17. Qd2 h5 18. Nc3 b4 19. Nd1 h4 20. h3 Rae8 21. b3 Be4 22. Nf2 Qf5 23. Re2 Bxd5 24. Rd1 Rh5 25. Rde1 Re6 26. Ng4 Bc6 27. Qd1 Rh8 28. Bc1 Rhe8 29. Rxe6 Rxe6 30. Rxe6 Kxe6 31. Qe2+ Qe4 32. f5+ Kxf5 33. Ne3+ Ke6 34. Qxa6 Nf4 35. Qf1 d5 36. Kh2 d4 37. Qc4+ Kd6 38. c3 dxe3 39. Qxe4 Bxe4 40. cxb4 Nxg2 0-1

[Event "HUN-chT1 9596"]
[Site "HUN"]
[Date "1996.??.??"]
[Round "7"]
[White "Varga, Zoltan"]
[Black "Farkas, Gyula"]
[Result "1-0"]
[WhiteElo "2540"]
[BlackElo "2215"]
[PlyCount "79"]
[EventDate "1995.??.??"]
[Source "www.chesslib.no"]
[SourceDate "2004.05.04"]

1. e4 e5 2. Nf3 Nc6 3. Bb5 a6 4. Ba4 Bc5 5. O-O Qf6 6. d3 h6 7. Be3 Ba7 8. c4 Nge7 9. Nc3 O-O 10. Nd5 Nxd5 11. cxd5 Ne7 12. Rc1 c6 13. Bxa7 Rxa7 14. d4 exd4 15. e5 Qf4 16. d6 Ng6 17. Re1 Re8 18. g3 Qg4 19. Nxd4 Qxd1 20. Rcxd1 c5 21. Nf5 b5 22. Bc2 Bb7 23. f4 Bc6 24. Kf2 a5 25. h4 h5 26. Rd2 Nf8 27. Ne7+ Kh8 28. f5 Ba8 29. a4 Rb8 30. axb5 Rxb5 31. Bd3 Rb4 32. Rc1 Rab7 33. Rxc5 Rxb2 34. Rxb2 Rxb2+ 35. Ke3 Rb8 36. Rxa5 Bg2 37. Bc4 f6 38. Ng6+ Nxg6 39. fxg6 Re8 40. e6 1-0

[Event "Agria Open"]
[Site "Eger"]
[Date "1986.??.??"]
[Round "?"]
[White "Tolnai, Tibor"]
[Black "Farkas, Gyula"]
[Result "0-1"]
[WhiteElo "2430"]
[BlackElo "2325"]
[PlyCount "53"]
[EventDate "1986.??.??"]
[Source "www.chesslib.no"]
[SourceDate "2004.05.04"]

1. e4 e5 2. Nf3 Nc6 3. Bb5 a6 4. Ba4 Bc5 5. O-O b5 6. Bb3 Qf6 7. c3 Nge7 8. d4 exd4 9. e5 Nxe5 10. Nxe5 Qxe5 11. cxd4 Bxd4 12. Qf3 d5 13. Nc3 c6 14. Bf4 Qf5 15. Rfe1 Be6 16. Ne2 Bxb2 17. Rab1 Bf6 18. Qe3 O-O 19. Qc5 d4 20. Bd6 Qxc5 21. Bxc5 d3 22. Bxe6 fxe6 23. Nf4 d2 24. Rxe6 Rfd8 25. Rd1 Kf7 26. h4 Ng6 27. Re4 0-1

[Event "Moscow RUS"]
[Site "?"]
[Date "2006.02.10"]
[Round "4"]
[White "Hayrapetian Arman"]
[Black "Rodin Mihail"]
[Result "1/2-1/2"]
[WhiteElo "2396"]
[BlackElo "2357"]
[PlyCount "110"]
[EventDate "2006.??.??"]
[Source "www.chesslib.no"]
[SourceDate "2004.05.04"]

1. e4 e5 2. Nf3 Nc6 3. Bb5 a6 4. Ba4 Bc5 5. d3 Nge7 6. O-O O-O 7. Bxc6 Nxc6 8. Nxe5 Nxe5 9. d4 Bxd4 10. Qxd4 d6 11. Nc3 Nc6 12. Qd3 f5 13. Qg3 Qf6 14. exf5 Bxf5 15. Nd5 Qf7 16. c4 Nd4 17. Kh1 Nc2 18. Rb1 Na3 19. bxa3 Bxb1 20. Bb2 Bg6 21. f4 Bf5 22. Re1 Rfe8 23. Nf6+ Kf8 24. Nxe8 Rxe8 25. Bxg7+ Kg8 26. Bh6+ Bg6 27. Rxe8+ Qxe8 28. h3 Qd7 29. Qg5 Kf7 30. Kh2 Ke8 31. Qd5 Bf7 32. Qxb7 Qe6 33. Qc6+ Kd8 34. Bg5+ Kc8 35. Qxa6+ Kb8 36. Qb5+ Kc8 37. c5 dxc5 38. Qxc5 Qxa2 39. f5 Bd5 40. Qf8+ Kb7 41. Qb4+ Ka6 42. Bd2 Bc6 43. f6 Qe6 44. Bc3 Qa2 45. Qb2 Qc4 46. Be5 Bd5 47. Qd4 Qa2 48. Qg4 c5 49. Bd6 Kb5 50. f7 Bxf7 51. Qd7+ Ka6 52. Qc6+ Ka7 53. Qc8 Kb6 54. Qxc5+ Ka6 55. Qc8+ Kb5 1/2-1/2

[Event "Melbourne"]
[Site "?"]
[Date "2001.12.31"]
[Round "4"]
[White "Zhao Zong Yuan"]
[Black "West Guy"]
[Result "1-0"]
[WhiteElo "2387"]
[BlackElo "2363"]
[PlyCount "51"]
[EventDate "2001.??.??"]
[Source "www.chesslib.no"]
[SourceDate "2004.05.04"]

1. e4 e5 2. Nf3 Nc6 3. Bb5 a6 4. Ba4 Bc5 5. O-O f6 6. c3 Qe7 7. d4 Ba7 8. Re1 Nd8 9. Nbd2 Nf7 10. Nf1 Ngh6 11. Ng3 O-O 12. Bb3 Kh8 13. Nf5 Nxf5 14. exf5 c6 15. Nh4 d5 16. Qh5 Kg8 17. Re3 Re8 18. Bd2 b5 19. Rae1 Bb7 20. Rh3 Qd7 21. Nf3 h6 22. dxe5 Nxe5 23. Nxe5 Rxe5 24. Rxe5 fxe5 25. Bxh6 Rf8 26. Be3 1-0

[Event "Bratto opB 5th"]
[Site "?"]
[Date "1999.??.??"]
[Round "1"]
[White "Leyva Hector"]
[Black "Soylu Suat"]
[Result "1-0"]
[WhiteElo "2410"]
[BlackElo "2338"]
[PlyCount "59"]
[EventDate "1999.??.??"]
[Source "www.chesslib.no"]
[SourceDate "2004.05.04"]

1. e4 e5 2. Nf3 Nc6 3. Bb5 a6 4. Ba4 Bc5 5. c3 Nf6 6. O-O d6 7. d4 exd4 8. cxd4 Bxd4 9. Nxd4 O-O 10. Nxc6 bxc6 11. Bxc6 Ra7 12. Be3 Qe7 13. Bxa7 Be6 14. Re1 h6 15. Bd5 Bxd5 16. exd5 Nxd5 17. Rxe7 Nxe7 18. Nc3 Rd8 19. Nd5 Nc8 20. Be3 Rd7 21. Qa4 Rd8 22. Qxa6 Nb6 23. Nxb6 cxb6 24. Bxb6 Rf8 25. Rc1 Re8 26. Rc8 Rxc8 27. Qxc8+ Kh7 28. Bd4 d5 29. Qf8 h5 30. Qxg7# 1-0

[Event "Griesheim"]
[Site "?"]
[Date "2003.01.31"]
[Round "3"]
[White "Wornath Kai Rudolf"]
[Black "Schramm Christian"]
[Result "1/2-1/2"]
[WhiteElo "2398"]
[BlackElo "2331"]
[PlyCount "85"]
[EventDate "2003.??.??"]
[Source "www.chesslib.no"]
[SourceDate "2004.05.04"]

1. e4 e5 2. Nf3 Nc6 3. Bb5 a6 4. Ba4 Bc5 5. O-O d6 6. c3 Bg4 7. d4 Bxf3 8. gxf3 Ba7 9. Be3 b5 10. Bc2 Nf6 11. a4 O-O 12. axb5 axb5 13. d5 Bxe3 14. Rxa8 Qxa8 15. fxe3 Na5 16. Qe2 Rb8 17. Nd2 Nc4 18. b4 Qa2 19. Nxc4 bxc4 20. Bd1 Ra8 21. Qxa2 Rxa2 22. Rf2 Ra3 23. Rc2 Ra1 24. Rd2 Ra3 25. Rc2 Ra1 26. Rd2 Rc1 27. Kf2 Rxc3 28. Rc2 Rxc2+ 29. Bxc2 Nd7 30. Ba4 Nb6 31. Bb5 Kf8 32. Ke2 Ke7 33. Kd2 Kf6 34. f4 g6 35. h4 h5 36. Kc3 Ke7 37. Bxc4 Kd8 38. Be2 Kc8 39. Ba6+ Kd7 40. Bb5+ Kd8 41. Bc6 Ke7 42. Bb5 Kd8 43. Bc6 1/2-1/2

[Event "Reykjavik Open"]
[Site "Reykjavik ISL"]
[Date "1993.??.??"]
[Round "4"]
[White "Hansson, Dan"]
[Black "Kristensen, Bjarke"]
[Result "0-1"]
[WhiteElo "2250"]
[BlackElo "2445"]
[PlyCount "116"]
[EventDate "1993.??.??"]
[Source "www.chesslib.no"]
[SourceDate "2004.05.04"]

1. e4 e5 2. Nf3 Nc6 3. Bb5 a6 4. Ba4 Bc5 5. c3 Nf6 6. O-O O-O 7. d4 Ba7 8. dxe5 Nxe4 9. Qd5 Nc5 10. Bc2 Ne7 11. Qc4 Ng6 12. Bg5 Qe8 13. Bxg6 hxg6 14. Qh4 d5 15. exd6 f6 16. Nbd2 cxd6 17. Be3 d5 18. Rfe1 Qf7 19. Nd4 Nd3 20. Reb1 g5 21. Qg3 Bb8 22. Qf3 Re8 23. Nf1 Ne5 24. Qd1 Bd7 25. Qb3 b5 26. Ng3 Bc7 27. Re1 Rad8 28. Rad1 Nc4 29. Bc1 g6 30. Qc2 Kg7 31. b3 Ne5 32. Nf1 Rh8 33. f4 gxf4 34. Bxf4 Rhe8 35. Bg3 Rc8 36. Qd2 Ba5 37. Rc1 Bb6 38. Kh1 Ng4 39. h3 Ne5 40. Ne3 Rh8 41. Rf1 Ng4 42. Nxg4 Bxg4 43. Be5 Bxd4 44. Bxd4 Bf5 45. Rf3 Rc6 46. Rcf1 Rf8 47. Kg1 Qe7 48. Rxf5 gxf5 49. Qg5+ Kf7 50. Qh5+ Kg8 51. Rxf5 Rf7 52. Rxd5 Rg7 53. Qf3 Re6 54. Rf5 Rg6 55. Qa8+ Kf7 56. Qd5 Rg5 57. Rxg5 fxg5 58. Qf5+ Ke8 0-1

[Event "Bor"]
[Site "Bor"]
[Date "1983.??.??"]
[Round "6"]
[White "Campora, Daniel Hugo"]
[Black "Stojanovic, Zoran"]
[Result "1-0"]
[WhiteElo "2485"]
[BlackElo "2200"]
[PlyCount "84"]
[EventDate "1983.10.??"]
[Source "ChessBase"]

1. e4 e5 2. Nf3 Nc6 3. Bb5 a6 4. Ba4 Bc5 5. c3 b5 6. Bc2 d6 7. O-O Bg4 8. h3 h5 9. a4 Rb8 10. axb5 axb5 11. Ra6 Bb6 12. Bd3 Qf6 13. Bxb5 Nge7 14. d4 Bxf3 15. gxf3 exd4 16. Qa4 O-O 17. Bxc6 Qxf3 18. cxd4 Qxh3 19. Bd7 f5 20. Qa2+ d5 21. Ra3 Qg4+ 22. Rg3 Qxe4 23. Nc3 Qxd4 24. Nxd5 Nxd5 25. Be6+ Kh7 26. Qxd5 Qxd5 27. Bxd5 Bd4 28. b3 Rbd8 29. Bc4 h4 30. Rd3 f4 31. Rfd1 c5 32. Bb2 g5 33. Bxd4 cxd4 34. f3 Rfe8 35. Rxd4 Rxd4 36. Rxd4 Re1+ 37. Kg2 Kg6 38. b4 Rc1 39. Bd3+ Kf6 40. Be4 g4 41. Rd6+ Ke7 42. Rd2 h3+ 1-0

[Event "NOR Ch"]
[Site "Norway"]
[Date "1990.??.??"]
[Round "7"]
[White "Diesen, Bruce"]
[Black "Kristiansen, Erling"]
[Result "1-0"]
[WhiteElo "2360"]
[BlackElo "2320"]
[PlyCount "63"]
[EventDate "1990.??.??"]
[Source "www.chesslib.no"]
[SourceDate "2004.05.04"]

1. e4 e5 2. Nf3 Nc6 3. Bb5 a6 4. Ba4 Bc5 5. c3 Ba7 6. O-O Qe7 7. d3 Nf6 8. Be3 Bxe3 9. fxe3 d6 10. Nbd2 Bd7 11. Qe1 Nd8 12. Bc2 Nh5 13. h3 g6 14. d4 O-O 15. g4 Ng7 16. Qg3 Nc6 17. Nh4 Qg5 18. Qf2 f5 19. Bb3+ Kh8 20. exf5 gxf5 21. e4 exd4 22. Ndf3 Qf4 23. exf5 dxc3 24. bxc3 Rae8 25. Rae1 Ne7 26. Nd4 Qg5 27. f6 Nh5 28. f7 Rd8 29. Ndf3 Qf6 30. gxh5 Bxh3 31. Rxe7 c5 32. Rfe1 1-0

[Event "Lappeenranta op"]
[Site "Lappeenranta"]
[Date "1998.??.??"]
[Round "4"]
[White "Tella, Jussi"]
[Black "Paasikangas Tella, Johanna"]
[Result "1/2-1/2"]
[WhiteElo "2385"]
[BlackElo "2285"]
[PlyCount "27"]
[EventDate "1998.??.??"]
[Source "www.chesslib.no"]
[SourceDate "2004.05.04"]

1. e4 e5 2. Nf3 Nc6 3. Bb5 a6 4. Ba4 Bc5 5. c3 Nge7 6. O-O O-O 7. d4 exd4 8. cxd4 Ba7 9. Nc3 d5 10. exd5 Nxd5 11. Bxc6 bxc6 12. Ne5 Nxc3 13. bxc3 Qd5 14. Be3 1/2-1/2

[Event "Ch Uzbekistan"]
[Site "Tashkent (Uzbekistan)"]
[Date "2007.05.22"]
[Round "12"]
[White "Kvon Andrey (UZB)"]
[Black "Saidov Beqali (UZB)"]
[Result "1/2-1/2"]
[WhiteElo "2360"]
[BlackElo "2297"]
[PlyCount "87"]
[EventDate "2007.??.??"]
[Source "www.chesslib.no"]
[SourceDate "2004.05.04"]

1. e4 e5 2. Nf3 Nc6 3. Bb5 a6 4. Ba4 Bc5 5. O-O Qf6 6. d3 Nge7 7. Be3 d6 8. Bg5 Qg6 9. Bxe7 Kxe7 10. Nc3 Bh3 11. Ne1 Bg4 12. Qd2 Nd4 13. Kh1 c6 14. f3 Bd7 15. Nd1 b5 16. Bb3 Qh6 17. Qxh6 gxh6 18. f4 a5 19. c3 Nxb3 20. axb3 Be6 21. c4 Rhb8 22. f5 Bd7 23. Rf3 a4 24. bxa4 bxa4 25. Nc2 Rb3 26. g4 d5 27. Kg2 h5 28. g5 h4 29. cxd5 cxd5 30. Nce3 Bxe3 31. Nxe3 dxe4 32. Nd5+ Kd6 33. dxe4 Rxb2+ 34. Kh3 Bb5 35. Rc3 Rb8 36. Rd1 Be2 37. Rdc1 R8b3 38. Kxh4 Bb5 39. Rd1 Rxc3 40. Nxc3+ Kc6 41. Nxb5 Kxb5 42. Rd7 a3 43. Rxf7 Kb6 44. Rf6+ 1/2-1/2

[Event "FRA Team Ch"]
[Site "France"]
[Date "1991.??.??"]
[Round "?"]
[White "Relange, Eloi"]
[Black "Herb, Pascal"]
[Result "1/2-1/2"]
[WhiteElo "2260"]
[BlackElo "2395"]
[PlyCount "69"]
[EventDate "1991.??.??"]
[Source "www.chesslib.no"]
[SourceDate "2004.05.04"]

1. e4 e5 2. Nf3 Nc6 3. Bb5 a6 4. Ba4 Bc5 5. O-O f6 6. c3 Ba7 7. d4 d6 8. d5 b5 9. dxc6 bxa4 10. Be3 Ne7 11. Bxa7 Rxa7 12. Qxa4 O-O 13. b4 Be6 14. Nbd2 Qa8 15. Rfd1 Nxc6 16. Nf1 Nd8 17. Ng3 Bg4 18. Qb3+ Kh8 19. c4 Ne6 20. h3 Bxf3 21. Qxf3 g6 22. c5 Nd4 23. Qd3 dxc5 24. bxc5 Qc6 25. Ne2 Rd8 26. Nxd4 Rxd4 27. Qb3 Kg7 28. Rxd4 exd4 29. Qc4 Qxe4 30. Rd1 Rb7 31. Qxd4 Qxd4 32. Rxd4 Rb1+ 33. Kh2 Rb2 34. Rd7+ Kh6 35. Rxc7 1/2-1/2

[Event "New York State Ch"]
[Site "New York, NY USA"]
[Date "1991.??.??"]
[Round "6"]
[White "Prosviriakov, Vladimir"]
[Black "Schuyler, James"]
[Result "0-1"]
[WhiteElo "2295"]
[BlackElo "2310"]
[PlyCount "100"]
[EventDate "1991.??.??"]
[Source "www.chesslib.no"]
[SourceDate "2004.05.04"]

1. Nf3 Nc6 2. e4 e5 3. Bb5 a6 4. Ba4 Bc5 5. d3 Nf6 6. Bg5 h6 7. Bh4 d6 8. c3 Bd7 9. Nbd2 Ba7 10. b4 g5 11. Bg3 Nh5 12. O-O Nf4 13. Bxf4 gxf4 14. d4 Qf6 15. d5 Nb8 16. Bxd7+ Nxd7 17. Kh1 h5 18. Qe2 h4 19. h3 Qg6 20. c4 f5 21. exf5 Qxf5 22. Qe4 Qh5 23. Rac1 O-O-O 24. Qd3 Nf6 25. Ne4 Rhf8 26. a4 Kb8 27. a5 Qg6 28. Rce1 Rg8 29. Nxh4 Qh7 30. g3 Be3 31. Nc5 e4 32. Qc3 Nh5 33. Ne6 Nxg3+ 34. fxg3 Rxg3 35. Qf6 Rh8 36. Rxe3 fxe3 37. Kh2 e2 38. Re1 Rf3 39. Qxh8+ Qxh8 40. Nxf3 exf3 41. Kg3 Qxh3+ 42. Kxh3 f2 43. Rxe2 f1=Q+ 44. Rg2 Qxc4 45. Rg8+ Ka7 46. Rc8 Qxb4 47. Rxc7 Qxa5 48. Kg4 Qb6 49. Rc8 Qb4+ 50. Kf5 Qd2 0-1

[Event "Bethune (24eme tournoi)"]
[Site "?"]
[Date "2003.??.??"]
[Round "?"]
[White "Sprenger Jan Michael"]
[Black "Isufi Ermal"]
[Result "1/2-1/2"]
[WhiteElo "2493"]
[BlackElo "2101"]
[PlyCount "70"]
[EventDate "2003.??.??"]
[Source "www.chesslib.no"]
[SourceDate "2004.05.04"]

1. e4 e5 2. Nf3 Nc6 3. Bb5 a6 4. Ba4 Bc5 5. O-O b5 6. Bb3 Nf6 7. Nxe5 Nxe5 8. d4 Qe7 9. dxc5 Qxc5 10. Be3 Qc6 11. Bd4 Nc4 12. Bxc4 bxc4 13. Nc3 Bb7 14. Qf3 O-O-O 15. Bxf6 gxf6 16. Nd5 Rde8 17. Qxf6 Qxf6 18. Nxf6 Re6 19. Nd5 Rxe4 20. Ne3 Rg8 21. Rfe1 f5 22. f3 Re6 23. Kf2 Reg6 24. g3 f4 25. Nf5 fxg3+ 26. hxg3 Kb8 27. Ne7 Rf8 28. Nxg6 Rxf3+ 29. Ke2 hxg6 30. Rg1 Be4 31. Rad1 d5 32. c3 Rf6 33. Ke3 Rf3+ 34. Ke2 Rf6 35. Ke3 Rf3+ 1/2-1/2

[Event "Katowice Open"]
[Site "Katowice POL"]
[Date "1995.??.??"]
[Round "5"]
[White "Goloshchapov, Alexander"]
[Black "Pinkas, Karol"]
[Result "0-1"]
[WhiteElo "2200"]
[BlackElo "2370"]
[PlyCount "136"]
[EventDate "1995.??.??"]
[Source "www.chesslib.no"]
[SourceDate "2004.05.04"]

1. e4 e5 2. Nf3 Nc6 3. Bb5 a6 4. Ba4 Bc5 5. c3 Nf6 6. O-O Ba7 7. d4 Nxe4 8. Qe2 f5 9. dxe5 O-O 10. Be3 b5 11. Bb3+ Kh8 12. Bxa7 Rxa7 13. Nbd2 Nc5 14. Qe3 Ne6 15. Bxe6 dxe6 16. Qc5 Bb7 17. Ng5 Qb8 18. Nxe6 Re8 19. Ng5 Nd8 20. Nb3 h6 21. Nh3 Ne6 22. Qe3 c5 23. Nxc5 Nxc5 24. Qxc5 Rxe5 25. Qb6 Ra8 26. Rad1 Qc8 27. Rd6 Kh7 28. Nf4 Re4 29. Ne6 a5 30. Nc5 Re7 31. Qxb5 Rb8 32. Nd7 Qc7 33. Qxf5+ Kg8 34. Rd4 Rd8 35. Nc5 Rf8 36. Qh5 Re5 37. Qd1 Rxc5 38. Qb3+ Kh8 39. Qe6 Rg5 40. f3 Rxf3 41. Rxf3 Bxf3 42. g3 Re5 43. Qg6 Qe7 44. Qd3 Be4 45. Qd2 Bf5 46. Kf2 Qb7 47. Kg1 Bh3 48. Rf4 Re8 49. a4 Qb6+ 50. Rf2 Qxb2 51. Qxh6+ gxh6 52. Rxb2 Rf8 53. Rb1 Kg7 54. c4 Rf5 55. Rc1 Kf6 56. Re1 Re5 57. Rb1 Bd7 58. Rb6+ Kg5 59. Kf2 h5 60. Kf3 Bxa4 61. Rb8 Bd1+ 62. Kf2 Re2+ 63. Kf1 Rxh2 64. Rb5+ Kg4 65. Rxa5 Kxg3 66. Rg5+ Bg4 67. Ke1 Re2+ 68. Kf1 Rd2 0-1

[Event "Palma de Mallorca Open"]
[Site "Palma de Majorca ESP"]
[Date "1991.??.??"]
[Round "?"]
[White "Lopez Agustench, Eduard"]
[Black "Fernandez, J."]
[Result "1-0"]
[WhiteElo "2255"]
[BlackElo "2315"]
[PlyCount "87"]
[EventDate "1991.04.??"]
[Source "www.chesslib.no"]
[SourceDate "2004.05.04"]

1. e4 e5 2. Nf3 Nc6 3. Bb5 a6 4. Ba4 Bc5 5. O-O Qe7 6. c3 b5 7. Bc2 Ba7 8. d4 d6 9. d5 Nd8 10. a4 bxa4 11. Bxa4+ Kf8 12. Qd3 Nf6 13. Nbd2 Nh5 14. Nc4 h6 15. b3 g5 16. Ba3 f6 17. Ne3 Nf4 18. Qc4 Rg8 19. Nf5 Bxf5 20. exf5 g4 21. Nh4 g3 22. hxg3 Rxg3 23. Kh2 Rg5 24. g3 Rh5 25. Bc1 Qg7 26. Bxf4 exf4 27. Rae1 Qg4 28. Re8+ Kg7 29. Qe2 Rxh4+ 30. gxh4 Qxh4+ 31. Kg2 Nf7 32. Rxa8 Ne5 33. Rg1 Kh7 34. Rxa7 f3+ 35. Qxf3 Nxf3 36. Kxf3 Qh3+ 37. Ke2 Qxf5 38. Rxc7+ Kh8 39. b4 Qe4+ 40. Kd2 Qf4+ 41. Kd1 Qxf2 42. Rcg7 h5 43. Bc2 f5 44. R7g5 1-0

[Event "Open"]
[Site "Zagabria CRO"]
[Date "2007.03.22"]
[Round "6"]
[White "Banas, J."]
[Black "Margitic, Z."]
[Result "0-1"]
[WhiteElo "2380"]
[BlackElo "2170"]
[PlyCount "86"]
[EventDate "2007.03.17"]
[Source "www.chesslib.no"]
[SourceDate "2004.05.04"]

1. e4 e5 2. Nf3 Nc6 3. Bb5 a6 4. Ba4 Bc5 5. c3 b5 6. Bc2 d6 7. h3 Nge7 8. d4 exd4 9. cxd4 Bb6 10. Nc3 O-O 11. O-O h6 12. Be3 Nb4 13. Bb1 d5 14. a3 dxe4 15. Bxe4 Nbd5 16. Nxd5 Nxd5 17. Ne5 Bb7 18. Qf3 Qd6 19. Qf5 g6 20. Qf3 Nxe3 21. fxe3 Bxe4 22. Qxe4 Rae8 23. Qf4 g5 24. Qg4 Re6 25. Rf5 f6 26. Raf1 Ree8 27. Ng6 Rf7 28. Ne5 Rff8 29. Ng6 Rxe3 30. Nxf8 Bxd4 31. Kh1 Kxf8 32. Rd1 c5 33. Rf3 Re6 34. Rfd3 Qe7 35. Qg3 h5 36. Rf1 Kg7 37. b4 Be5 38. Qf3 c4 39. Rd5 Kh6 40. Rfd1 Bd6 41. Qc3 Re3 42. Qd2 Bf4 43. Rd7 Qe4 0-1

[Event "Val Thorens A"]
[Site "?"]
[Date "1996.??.??"]
[Round "2"]
[White "Giaccio Alfredo Gustavo"]
[Black "Kaminski Jacek2"]
[Result "1-0"]
[WhiteElo "2465"]
[BlackElo "2080"]
[PlyCount "57"]
[EventDate "1996.??.??"]
[Source "www.chesslib.no"]
[SourceDate "2004.05.04"]

1. e4 e5 2. Nf3 Nc6 3. Bb5 a6 4. Ba4 Bc5 5. O-O b5 6. Bb3 Nf6 7. a4 b4 8. Nxe5 Nxe5 9. d4 O-O 10. dxe5 Nxe4 11. Bd5 Nxf2 12. Rxf2 Bxf2+ 13. Kxf2 Rb8 14. Be3 Bb7 15. Bxb7 Rxb7 16. Nd2 d6 17. Nb3 Qh4+ 18. Kg1 dxe5 19. Na5 Rbb8 20. Nc6 Ra8 21. Qd5 a5 22. Bc5 Rfe8 23. Ne7+ Kh8 24. Qxf7 Qg4 25. Rf1 Qg5 26. Nf5 Rac8 27. h4 Qf6 28. Qxf6 gxf6 29. Be7 1-0

[Event "NRW-Liga 9900"]
[Site "Germany"]
[Date "1999.11.22"]
[Round "2.8"]
[White "Roehrich, Stefan"]
[Black "Schlehoefer, Ralf"]
[Result "1/2-1/2"]
[WhiteElo "2185"]
[BlackElo "2345"]
[PlyCount "84"]
[EventDate "1999.10.??"]
[Source "www.chesslib.no"]
[SourceDate "2004.05.04"]

1. e4 e5 2. Nf3 Nc6 3. Bb5 a6 4. Ba4 Bc5 5. c3 Nf6 6. d4 exd4 7. cxd4 Bb4+ 8. Bd2 Nxe4 9. Bxc6 Nxd2 10. Bxd7+ Bxd7 11. Nbxd2 Qe7+ 12. Qe2 Qxe2+ 13. Kxe2 Bb5+ 14. Kd1 O-O-O 15. Re1 Rhe8 16. Re3 f6 17. Kc2 Ba4+ 18. b3 Rxe3 19. fxe3 Be8 20. a3 Bf8 21. b4 Bg6+ 22. Kc3 Rd6 23. e4 b6 24. Re1 Be8 25. Nc4 Rd8 26. e5 fxe5 27. Nfxe5 Bb5 28. Nf7 Re8 29. Nfe5 Be7 30. Re3 Bf6 31. Kb3 Kb7 32. a4 Bc6 33. g3 Bd5 34. Kc3 Re6 35. b5 axb5 36. axb5 Re8 37. Ng4 Rxe3+ 38. Ncxe3 Be6 39. Nxf6 gxf6 40. d5 Bd7 41. Kc4 Kc8 42. Nc2 Kd8 1/2-1/2

[Event "EtVaS-Cup"]
[Site "EtVaS-Cup"]
[Date "1996.??.??"]
[Round "?"]
[White "Vihinen, Teemu"]
[Black "Tella, Jussi"]
[Result "0-1"]
[WhiteElo "2215"]
[BlackElo "2310"]
[PlyCount "42"]
[EventDate "1996.??.??"]
[Source "www.chesslib.no"]
[SourceDate "2004.05.04"]

1. e4 e5 2. Nf3 Nc6 3. Bb5 a6 4. Ba4 Bc5 5. c3 Nge7 6. O-O O-O 7. d4 exd4 8. cxd4 Ba7 9. d5 Na5 10. d6 cxd6 11. Qxd6 b5 12. Bc2 Nc4 13. Qd3 d5 14. b3 Nd6 15. exd5 Bf5 16. Qd1 Nxd5 17. Ba3 Bxc2 18. Qxd5 Ne4 19. Qh5 Re8 20. Nbd2 Nxd2 21. Ng5 Bg6 0-1

[Event "Tarbes"]
[Site "?"]
[Date "2003.04.??"]
[Round "7"]
[White "Safranska Anda"]
[Black "Jossien Remy"]
[Result "1/2-1/2"]
[WhiteElo "2337"]
[BlackElo "2181"]
[PlyCount "74"]
[EventDate "2003.??.??"]
[Source "www.chesslib.no"]
[SourceDate "2004.05.04"]

1. e4 e5 2. Nf3 Nc6 3. Bb5 a6 4. Ba4 Bc5 5. O-O d6 6. c3 f6 7. d4 Ba7 8. h3 Nge7 9. Bb3 Ng6 10. a3 Qe7 11. Re1 Nd8 12. Nbd2 Be6 13. Nf1 Qf7 14. Bc2 Qd7 15. d5 Bf7 16. c4 O-O 17. b4 c6 18. Ng3 b5 19. Bb3 Ne7 20. dxc6 Qxc6 21. cxb5 axb5 22. Be3 d5 23. Rc1 Qb7 24. exd5 Nxd5 25. Bxa7 Rxa7 26. Ne4 Nf4 27. Nd6 Qd7 28. Nxf7 Nxf7 29. Re3 g6 30. Qxd7 Rxd7 31. Rc5 Rb8 32. g3 Nd3 33. Rd5 Rxd5 34. Bxd5 Nb2 35. Rc3 Rd8 36. Rc5 Kg7 37. Bxf7 Kxf7 1/2-1/2

[Event "Moscow RUS"]
[Site "?"]
[Date "2001.??.??"]
[Round "7"]
[White "Ovechkin Igor V"]
[Black "Ustinov Alexandr"]
[Result "0-1"]
[WhiteElo "2359"]
[BlackElo "2139"]
[PlyCount "78"]
[EventDate "2001.??.??"]
[Source "www.chesslib.no"]
[SourceDate "2004.05.04"]

1. e4 e5 2. Nf3 Nc6 3. Bb5 a6 4. Ba4 Bc5 5. c3 b5 6. Bb3 Qe7 7. d4 Bb6 8. Be3 Nf6 9. Nbd2 Ng4 10. Bg5 f6 11. Bh4 d6 12. Bd5 Bd7 13. a4 Rb8 14. axb5 axb5 15. h3 Nh6 16. dxe5 Nxe5 17. O-O Nhf7 18. Nd4 c6 19. Bb3 O-O 20. Kh1 c5 21. Ne2 Ng6 22. Bg3 Bc6 23. Nf4 Nxf4 24. Bxf4 c4 25. Bc2 Ne5 26. Qe2 Rfe8 27. Be3 Qb7 28. f4 Nd7 29. Qf2 Bxe3 30. Qxe3 Nc5 31. Qd4 f5 32. Qxd6 Nxe4 33. Nxe4 fxe4 34. Qd4 e3 35. Ra7 Bxg2+ 36. Kg1 Qxa7 37. Qxa7 Bxf1 38. Qc5 Bd3 39. Qd5+ Kh8 0-1

[Event "Bello Horizonte Centenario op"]
[Site "Bello Horizonte"]
[Date "1997.??.??"]
[Round "3"]
[White "Fernandes, Jose Costa Jr"]
[Black "Santos Nt, Francisco"]
[Result "1-0"]
[WhiteElo "2310"]
[BlackElo "2175"]
[PlyCount "83"]
[EventDate "1997.??.??"]
[Source "www.chesslib.no"]
[SourceDate "2004.05.04"]

1. e4 e5 2. Nf3 Nc6 3. Bb5 a6 4. Ba4 Bc5 5. O-O b5 6. Bb3 d6 7. c3 Bg4 8. Bd5 Qd7 9. d4 exd4 10. cxd4 Bxf3 11. Qxf3 Nxd4 12. Qd3 c6 13. Be3 Ne6 14. Bb3 Nf6 15. h3 O-O 16. Nc3 Ba7 17. Rad1 Rfd8 18. Bc2 Nc5 19. Qe2 Re8 20. Bf4 Re6 21. e5 b4 22. Qf3 bxc3 23. exf6 Rxf6 24. Qh5 h6 25. Be5 Re6 26. Bxc3 Ne4 27. Bxg7 Nxf2 28. Bd4 Ne4 29. Qg4+ Ng5 30. h4 Re7 31. Bf5 Bxd4+ 32. Rxd4 Qa7 33. hxg5 h5 34. Qh4 Rae8 35. Kh2 Re2 36. Rdf4 Kg7 37. Be4 Re7 38. Bf3 Rxb2 39. Bxh5 Rbb7 40. g6 Qe3 41. Qf6+ Kg8 42. gxf7+ 1-0

[Event "Novokuznetsk Karpunov mem"]
[Site "Novokuznetsk"]
[Date "1997.??.??"]
[Round "?"]
[White "Leisle, D."]
[Black "Leonov, A."]
[Result "0-1"]
[WhiteElo "2165"]
[BlackElo "2315"]
[PlyCount "136"]
[EventDate "1997.??.??"]
[Source "www.chesslib.no"]
[SourceDate "2004.05.04"]

1. e4 e5 2. Nf3 Nc6 3. Bb5 a6 4. Ba4 Bc5 5. c3 b5 6. Bb3 d6 7. O-O Bg4 8. h3 Bxf3 9. Qxf3 Qf6 10. Qe2 Nge7 11. d3 O-O 12. Be3 Rad8 13. Nd2 Kh8 14. Kh2 Qg6 15. g4 Bxe3 16. fxe3 d5 17. exd5 Nxd5 18. Ne4 Nce7 19. Ng3 Qb6 20. Rf3 Ng6 21. Raf1 f6 22. Nf5 Nde7 23. d4 exd4 24. exd4 Nxf5 25. gxf5 Rfe8 26. Re3 Qd6+ 27. Kg1 Rxe3 28. Qxe3 Ne7 29. Qf4 Qxf4 30. Rxf4 Rf8 31. Kf2 g6 32. fxg6 hxg6 33. Re4 Nf5 34. Re6 Kg7 35. Rc6 Rh8 36. Rxc7+ Kh6 37. Bd5 Kg5 38. Bg2 b4 39. Ke2 bxc3 40. bxc3 Re8+ 41. Kd2 Ne3 42. Bc6 Nf1+ 43. Kc2 Re2+ 44. Kb3 f5 45. Bb7 a5 46. c4 Nd2+ 47. Kc3 Nb1+ 48. Kb3 Nd2+ 49. Ka4 Nb1 50. Kxa5 Rxa2+ 51. Kb6 Rb2+ 52. Kc6 Nd2 53. c5 Nb3 54. Kd5 Rd2 55. Kc4 Nxd4 56. Rd7 Rc2+ 57. Kd3 Rxc5 58. Rxd4 Rb5 59. Bg2 Rb3+ 60. Ke2 Rb2+ 61. Kf3 Rb3+ 62. Kf2 Rb6 63. Kg3 Kf6 64. h4 g5 65. h5 Kg7 66. Bf3 Kh6 67. Bd1 Rc6 68. Rd5 Rf6 0-1

[Event "Corr"]
[Site "?"]
[Date "2002.12.15"]
[Round "?"]
[White "Keskowski Thilo"]
[Black "Marcotulli Giancarlo"]
[Result "1/2-1/2"]
[WhiteElo "2252"]
[BlackElo "2220"]
[PlyCount "52"]
[EventDate "2002.??.??"]
[Source "www.chesslib.no"]
[SourceDate "2004.05.04"]

1. e4 e5 2. Nf3 Nc6 3. Bb5 a6 4. Ba4 Bc5 5. c3 Nf6 6. d4 Ba7 7. O-O Nxe4 8. Re1 f5 9. Nbd2 O-O 10. Nxe4 fxe4 11. Rxe4 d6 12. dxe5 Bf5 13. Bg5 Qc8 14. Bxc6 bxc6 15. Re1 Bg4 16. Qb3+ Kh8 17. Nd4 c5 18. Nc6 Qf5 19. Be3 c4 20. Qxc4 Bxe3 21. fxe3 Qf2+ 22. Kh1 Bf3 23. Rg1 d5 24. Qf1 Be4 25. Qxf2 Rxf2 26. b4 Re8 1/2-1/2